000 00553cam a22001217a 4500
008 180718b1988 xxu||||| |||| 00| 0 eng d
082 _aT19 R11m
245 _aMacroeconomic profile of developing countries
_cby Research and Information System for the Non-Aligned and other Developing Countries
260 _aDelhi
_bResearch and Information System for the Non-aligned and other Developing Countries
_c1988
300 _a400p.
650 _aEconomic Development
700 _aResearch and Information System for the Non-aligned and other Developing Countries
999 _c352453
_d352453